| 000 | 00534nam a2200133Ia 4500 | ||
|---|---|---|---|
| 008 | 220615s9999||||xx |||||||||||||| ||und|| | ||
| 022 | _a18605990 | ||
| 100 | _aSyal, Gagan | ||
| 245 | 0 | _aCAE - PROCESS AND NETWORK : A methodology for continuous product validation process based on network of various digital simulation methods | |
| 546 | _aEnglish[eng] | ||
| 650 | _aMultiphysics Simulation||CAE-Process||CAE-Network||CAE-ProNet Application||Simulation Data Management | ||
| 856 | _uhttps://www.ksp.kit.edu/9783731500902 | ||
| 942 | _cEB | ||
| 999 |
_c7528 _d7528 |
||